1235 1231 1787 1347 1002 1104 1419 1801 1888 1245 1805 1415 1430 1351 1802 1598 1539 1786 1852 1301 1470 1471 1262 1672 1786 1923 1849 1497 1498 1735 1332 1337 1161 1196 1255 1868 1904 1614 1611 1314 1202 1988 1574 1330 1332 1373 1397 1535 1833 1573 1229 1814 1780 1299 1713 1788 1851 1967 1259 1497 1361 1255 1580 1318 1522 1501 1331 1886 1742 1501 1798 1370 1063 1072 1634 1914 1440 1754 1959 1432 1963 1233 1248 1405 1302 1445 1194 1749 1153 1581 1391 1781 1664 1851 1607 1103 1216 1864 1455 BCNSPRNW ULIB Ver.6.0+V

เปลี่ยนเป็นภาษาไทย

Change to English
 แสดงรายละเอียดบรรณานุกรม
  กลับหน้าหลัก

Brief Record : Get Marc (ISO 2709) : E-mail record : QR code < ปิดหน้าต่าง
LEADER : 00000nam 2200000uu 4500
001    13399109036
003     ULIB
008    110320s2551||||th 000 0 tha d
060  4 WY155^bจ272ก 2551
100 0  จันทร์เพ็ญ สันตวาจา
245 00 การพยาบาลผู้ป่วยโรคไตเรื้อรัง/^cจันทร์เพ็ญ สันตวาจา
260    กรุงเทพฯ:^bวิทยาลัยพยาบาลบรมราชชนนี กรุงเทพ^c2551
300    113 หน้า
650  7 ไต^xโรค,การพยาบาล
650  7 โรคไตเรื้อรัง^xการพยาบาล
945    ^p0^l0^i025181
995    เกษร
999 ^a ใช้งานได้ทุกระบบ
รายการนี้ยังไม่มีแท็ก
คุณยังไม่ได้ล็อกอิน คุณสามารถมีกิจกรรมร่วมกับเว็บไซต์ได้ แต่ต้องล็อกอินก่อน ::
  ล็อกอิน

รายการสื่อสารสนเทศ

ลำดับที่ ประเภท เลขเรียก/บาร์โค้ด สถานที่ สถานะ
- ไม่พบข้อมูล -

BibComment


ยังไม่เคยถูกคอมเมนท์

คอมเมนท์ทรัพยากรรายการนี้
  คอมเมนท์: การพยาบาลผู้ป่วยโ..


 Copyright 2026. Bcnsprnw @Library